000 00686nam a2200205Ii 4500
003 JO-AjNU
008 230606s9999||||xx |||||||||||||| ||und||
020 _a0-13-080547-5
040 _aJO-AjNU
_beng
_erda
_cJO-AjNU
041 _aeng
050 1 4 _aHF5635 .H814 1999
100 3 _aHorngren,Charles / Bhimani, Alnoor / Foster,George / Datar,Saikant M,
_eauthor
_93413
245 0 0 _aManagement and Cost Acconting
264 3 1 _aNew York : Prentice Hall,1999
300 _a895P
_bIncludes bibliographical references and indexes(P 867-895)
336 _atext
_btxt
_2rdacontent
337 _aunmediated
_bn
_2rdamedia
338 _avolume
_bnc
_2rdacarrier
650 4 _aAccounting
_93414
999 _aE1782
_c1782
_d1782